000 00273nam a22000977a 4500
005 20250901165601.0
008 231109b |||||||| |||| 00| 0 eng d
050 _aQC721.S67 1964
245 _aELEMENTARY PARTICLES
_cSokolov, A.A.
942 _2lcc
_hQC721.S67 1964
999 _c6245
_d6245